Responses for Show #7463 - Wednesday, February 8, 2017

Contestants

[<< previous game]

Kirstin Cutts, a graduate student from Austin, Texas

Carl Falstrom, an immigration attorney from New Orleans, Louisiana

Jody Jabbora, a retired postal clerk from Las Vegas, Nevada (whose 1-day cash winnings total $25,600)

[next game >>]

Jeopardy! Round responses

IT'S DEBATABLE
THE BOOK OF PROVERBS
HISTORIC AUTOMOBILES
NBA GREATS
ABBREVIATED K
DROPPIN' MAD BEETS
    $200 14
Communism

Jody
    $200 9
(Carl: Who is David?)

Solomon

JodyCarl
    $200 22
(Kirstin: Where is the back?)

the front

JodyKirstin
    $200 21
(Kirstin: Who is Allen?)

Kareem Abdul-Jabbar

JodyKirstin
    $200 1
a kilobyte

Carl
    $200 4
anemia

Jody
    $400 15
Reagan

Jody
    $400 10
an ant

Jody
    $400 23
the Batmobile

Carl
    $400 24
(Alex: Less than a minute now.)

Patrick Ewing

Carl
    $400 2
a strikeout

Carl
    $400 5
root vegetables

Jody
    $600 16
(Ted) Cruz

Carl
    $600 11
the rod

Kirstin
    $600 28
[The end-of-round signal sounds.]

Pontiac

Carl
    $600 25
Kevin Durant

Carl
    $600 3
potassium

Kirstin
    $600 6
(Carl: What are bull's eye beets?)
[Originally ruled incorrect; reversed before the Daily Double as clue 12]

candy cane beets

CarlKirstin
    $800 19
NAFTA

Carl
    $1,000 12
seven

Kirstin
    $800 26
(Kirstin: Who--oh, no. Yao Ming? Who is Yao Ming?)

Kobe Bryant

CarlKirstin
    $800 17
Kellogg's

Jody
    $800 7
borscht

Kirstin
    $1000 20
Ford

Carl
    $1000 13
the Tree of Life

Triple Stumper
    $1000 27
(Hakeem) Olajuwon

Carl
    $1000 18
(Carl: What is K number?)

Kochel

Carl
Triple Stumper
    $1000 8
sucrose

Triple Stumper

Scores at the first commercial break (after clue 15):

Jody Carl Kirstin
$1,800 $1,000 $3,600

Scores at the end of the Jeopardy! Round:

Jody Carl Kirstin
$3,000 $6,200 $2,400

Double Jeopardy! Round responses

AND SO IT BEGINS...
AN "F" IN GEOGRAPHY
19th CENTURY BUSINESSMEN
TV MOVIES
WOMEN AUTHORS
FINE FEATHERED IDIOMS
    $400 20
the Magna Carta

Kirstin
    $400 3
Foxborough

Carl
    $400 12
Coors

Carl
    $400 26
Taken

Kirstin
    $400 2
Anne Rice

Carl
    $400 11
a night owl

Carl
    $800 22
the book of Exodus

Carl
    $800 4
Florida

Carl
    $800 13
Levi Strauss

Carl
    $800 27
Michael Douglas

Jody
    $800 1
Jo

Jody
    $800 17
a sitting duck

Kirstin
    $1200 23
the Social Security Act

Jody
    $3,000 5
Flanders

Carl
    $1200 14
J.P. Morgan

Carl
    $1200 28
Recount

Triple Stumper
    $1200 8
(Carl: Who is Amy Fan?)
[Originally ruled correct; ruled incorrect before the second Daily Double of the round]

Amy Tan

Carl
Triple Stumper
    $1200 18
a swan song

Kirstin
    $1600 24
the 8th Amendment

Triple Stumper
    $1600 6
Fremont

Jody
    $4,000 15
(Carl: Who is Waldorf?)

John Jacob Astor

Carl
    $1600 29
Their Eyes Were Watching God

Kirstin
    $1600 9
Circle of Friends

Triple Stumper
    $1600 19
cold turkey

Carl
    $2000 25
the Egyptian Book of the Dead

Kirstin
    $2000 7
Fiji

Jody
    $2000 16
(Jody: Who is Reynolds?)

James Buchanan Duke

Jody
Triple Stumper
    $2000 30
Ted Bundy

Jody
    $2000 10
Mary Wollstonecraft

Kirstin
    $2000 21
goosebumps

Carl

Scores at the end of the Double Jeopardy! Round:

Jody Carl Kirstin
$9,400 $12,800 $10,800

[wagering suggestions for these scores]

Final Jeopardy! Round responses

NATIONAL ANTHEMS
(Alex: If you are familiar with Hawaii's state flag, you will know that in one corner of that flag it has the flag of this country whose anthem it used.)
...
(Alex: [To Kirstin] In the corner of Hawaii's state flag is the Union Jack.)
JodyWhat is Aloha Oy?
$3,200
KirstinWhat is God Save the Queen?
$201
CarlWhat is Aloha Oe?
$8,801
"God Save The Queen"

Final scores:

Jody Carl Kirstin
$6,200 $3,999 $11,001
2nd place: $2,000 3rd place: $1,000 New champion: $11,001

Game dynamics:

Coryat scores:

Jody Carl Kirstin
$9,400 $15,000 $10,600
15 R,
1 W
23 R
(including 1 DD),
4 W
(including 1 DD)
12 R
(including 1 DD),
3 W

Combined Coryat: $35,000

[game clues] [game scores] [suggest correction]

Game tape date: 2016-11-09
The J! Archive is created by fans, for fans. Scraping, republication, monetization, and malicious use prohibited; this site may use cookies and collect identifying information. See terms. The Jeopardy! game show and all elements thereof, including but not limited to copyright and trademark thereto, are the property of Jeopardy Productions, Inc. and are protected under law. This website is not affiliated with, sponsored by, or operated by Jeopardy Productions, Inc. Join the discussion at JBoard.tv.